Probability, statistics, and time : a collection of essays /
Guardado en:
| Autor Principal: | |
|---|---|
| Formato: | Libro |
| Idioma: | English |
| Publicado: |
London :
Chapman and Hall,
1975.
|
| Series: | Monographs on applied probability and statistics
|
| Materias: | |
| Etiquetas: |
Agregar Etiqueta
Sin Etiquetas, Sea el primero en etiquetar este registro!
|
| LEADER | 02329cam a2200253 a 4500 | ||
|---|---|---|---|
| 001 | MAT.inmabb002603 | ||
| 008 | 750919s1975####enk######b####000#0#eng## | ||
| 005 | 20130319160553.0 | ||
| 245 | 1 | 0 | |a Probability, statistics, and time : |b a collection of essays / |c M. S. Bartlett. |
| 260 | |a London : |b Chapman and Hall, |c 1975. | ||
| 300 | |a viii, 148 p. ; |c 21 cm. | ||
| 440 | 0 | |a Monographs on applied probability and statistics | |
| 504 | |a Incluye referencias bibliográficas. | ||
| 505 | 0 | |a 1, Probability, statistics and time (Inaugural lecture, University College, London, May 15, 1961) [H. K. Lewis, London, 1961] -- 2, R. A. Fisher and the last fifty years of statistical methodology (R. A. Fisher Memorial Lecture, Chicago, December 29, 1964) [J. Amer. Statist. Assoc. 60 (1965), 395-409; MR0183035 (32 #517)] -- 3, The paradox of probability in physics (based on a talk with this title given to a philosophy of science group at University College, London, May 22, 1967) -- 4, Inference and stochastic processes (Presidential address to the Royal Statistical Society, June 21, 1967) [J. Roy. Statist. Soc. Ser. A 130 (1967), 457-477] -- 5, Biomathematics (inaugural lecture, Univ. Oxford, Oxford, May 28, 1968) [Clarendon Press, Oxford, 1968] -- 6, When is inference statistical inference? [Foundations of statistical inference (Proc. Sympos., Waterloo, Ont., 1970), pp. 20-31, Holt, Rinehart and Winston of Canada, Toronto, Ont., 1971; MR0388593 (52 #9429)] -- 7, Epidemics [Statistics: a guide to the unknown, pp. 66-76, Holden-Day, San Francisco, Calif. 1972] -- 8, Equations and models of population change [The mathematical theory of the dynamics of biological populations (Proc. Conf., Univ. Oxford, Oxford, 1972), pp. 5-21, Academic Press, London, 1973] -- 9, Some historical remarks and recollections on multivariate analysis (invited paper given at a conference on multivariate analysis and its applications at Hull, April, 1973); Sankhya Ser. B 36 (1974), no. 2, 107-114; MR0388658 (52 #9494)]. | |
| 510 | 4 | |a MR, |c 53 #6807 | |
| 020 | |a 0412222604 (paperback) | ||
| 020 | |a 0470054662 | ||
| 100 | 1 | |a Bartlett, Maurice Stevenson. | |
| 650 | 0 | |a Probabilities. | |
| 650 | 0 | |a Mathematical statistics. | |
| 084 | |a 62-06 |2 msc2000 | ||
| 010 | |a 75024171 | ||
| 040 | |a DLC |c DLC |d DLC | ||
| 859 | |h 62 |i B289p |p A-5024 |b BIB. MATEMATICA | ||
